00869nab a22002177a 4500003000400000005001700004008004100021040000700062100002300069245007500092260007300167300001500240500004400255505009000299650001800389650003000407650003200437650001600469650002600485773014000511OSt20250909103845.0190604e xxu||||| |||| 00| 0 spa d cPJ aSeda, Juan Antonio13aEl plazo del Certificado Único de Discapacidad /cJuan Antonio Seda. aCiudad Autónoma de Buenos Aires :bThomson Reuters La Ley, c2025. ap. 109-111 aCita Online: TR LALEY AR/DOC/285/2025.  t¿Te interesa el texto completo? Solicitalo al correo: koha@justierradelfuego.gov.ar  0aSALUD PUBLICA 0aPERSONAS CON DISCAPACIDAD 0aCERTIFICADO DE DISCAPACIDAD 0aINVERSIONES 0aDECRETO REGLAMENTARIO0 02714dCiudad Autónoma de Buenos Aires : Thomson Reuters La Ley, 2014-tRevista anales de legislación argentina. Nº 4 - Abril 2025.